THE DESIGN OF THE UNIX OPERATING SYSTEM (Record no. 215635)

MARC details
000 -LEADER
fixed length control field 00427nam a22001577a 4500
008 - FIXED-LENGTH DATA ELEMENTS--GENERAL INFORMATION
fixed length control field 250609b |||||||| |||| 00| 0 eng d
020 ## - INTERNATIONAL STANDARD BOOK NUMBER
International Standard Book Number 978-0-1320-1799-2
100 ## - MAIN ENTRY--PERSONAL NAME
Personal name BACH, BACH J.
245 ## - TITLE STATEMENT
Title THE DESIGN OF THE UNIX OPERATING SYSTEM
260 ## - PUBLICATION, DISTRIBUTION, ETC.
Place of publication, distribution, etc. NEW JERSEY
Name of publisher, distributor, etc. PRENTICE HALL
Date of publication, distribution, etc. 1986
300 ## - PHYSICAL DESCRIPTION
Extent XIV,471P.
500 ## - GENERAL NOTE
General note INCLUDES AN INDEX
650 ## - SUBJECT ADDED ENTRY
Topical term or geographic name entry element UNIX-COMPUTER FILES
942 ## - ADDED ENTRY ELEMENTS (KOHA)
Source of classification or shelving scheme Library of Congress Classification
Koha item type Long Loan Book
Holdings
Withdrawn status Lost status Source of classification or shelving scheme Damaged status Not for loan Collection Home library Current library Shelving location Date acquired Inventory number Total checkouts Full call number Barcode Date last seen Copy number Price effective from Koha item type
    Library of Congress Classification     Science & Technology Kisii University Library Kisii University Library On Display 06/09/2025 108127   QA 76.76 .O63B33 1986 000000022523 06/09/2025 C.1 06/09/2025 Long Loan Book
    Library of Congress Classification     Science & Technology Kisii University Library Kisii University Library On Display 06/09/2025 108128   QA 76.76 .O63B33 1986 000000022522 06/09/2025 C.2 06/09/2025 Long Loan Book
    Library of Congress Classification     Science & Technology Kisii University Library Kisii University Library On Display 06/09/2025 108129   QA 76.76 .O63B33 1986 000000022521 06/09/2025 C.3 06/09/2025 Long Loan Book
    Library of Congress Classification     Science & Technology Kisii University Library Kisii University Library On Display 06/09/2025 108130   QA 76.76 .O63B33 1986 000000022520 06/09/2025 C.4 06/09/2025 Long Loan Book
    Library of Congress Classification     Science & Technology Kisii University Library Kisii University Library On Display 06/10/2025 108183   QA 76.76.B33 1986 000000018361 06/10/2025 C.5 06/10/2025 Long Loan Book